|
|
|
|
| LEADER |
00000nam0a2200000 4500 |
| 001 |
202354 |
| 005 |
20231101225103.0 |
| 010 |
|
|
|a 9785394011672
|
| 035 |
|
|
|a (RuTPU)RU\TPU\book\220511
|
| 090 |
|
|
|a 202354
|
| 100 |
|
|
|a 20111010d2012 m y0rusy50 ca
|
| 101 |
0 |
|
|a rus
|
| 102 |
|
|
|a RU
|
| 105 |
|
|
|a y j 001zy
|
| 200 |
1 |
|
|a Социальная безопасность
|e учебное пособие
|f С. И. Самыгин, А. В. Верещагина, Г. И. Колесникова
|
| 210 |
|
|
|a Москва
|c Дашков и К
|d 2012
|
| 215 |
|
|
|a 360 с.
|
| 320 |
|
|
|a Библиография в конце глав.
|
| 320 |
|
|
|a Глоссарий: с. 332-357.
|
| 330 |
|
|
|a В учебном пособии рассматриваются основные источники угроз социальной безопасности, причины их появления и распространения в современном обществе и методы их преодоления, а также излагаются ключевые проблемы в сфере обеспечения социальной безопасности. Для студентов высших учебных заведений, магистрантов и аспирантов, обучающихся по специальности "Социальная работа", а также всех, кто интересуется проблемой социальной безопасности.
|
| 606 |
1 |
|
|a Социальная работа
|x Практика
|2 stltpush
|3 (RuTPU)RU\TPU\subj\36957
|9 58148
|
| 610 |
1 |
|
|a социальная безопасность
|
| 610 |
1 |
|
|a социальная защита
|
| 610 |
1 |
|
|a информационная безопасность
|
| 610 |
1 |
|
|a демографическая безопасность
|
| 610 |
1 |
|
|a семья
|
| 610 |
1 |
|
|a социальная политика
|
| 610 |
1 |
|
|a рискогенность
|
| 610 |
1 |
|
|a материнство
|
| 610 |
1 |
|
|a детство
|
| 610 |
1 |
|
|a молодежь
|
| 610 |
1 |
|
|a защита
|
| 610 |
1 |
|
|a психологическая безопасность
|
| 610 |
1 |
|
|a личность
|
| 610 |
1 |
|
|a психокоррекция
|
| 610 |
1 |
|
|a психологическое консультирование
|
| 610 |
1 |
|
|a психорегуляция
|
| 610 |
1 |
|
|a психодиагностика
|
| 610 |
1 |
|
|a учебные пособия
|
| 686 |
|
|
|a У9(2)272я73
|v LBC/SL-A
|2 rubbk
|
| 700 |
|
1 |
|a Самыгин
|b С. И.
|g Сергей Иванович
|
| 701 |
|
1 |
|a Верещагина
|b А. В.
|g Анна Владимировна
|
| 701 |
|
1 |
|a Колесникова
|b Г. И.
|g Галина Ивановна
|
| 801 |
|
1 |
|a RU
|b 63413507
|c 20111010
|
| 801 |
|
2 |
|a RU
|b 63413507
|c 20150526
|g RCR
|
| 900 |
|
|
|a Социальная безопасность
|
| 942 |
|
|
|c BK
|
| 959 |
|
|
|a 89/20111010
|d 2
|e 198,00
|f ЧЗГЛ:1
|f АНЛ:1
|